Doctrina religionis IV
Náboženská náuka - dejiny kresťanskej cirkvi rokov 1053-1517 a od roku 1517 po napísanie tejto práce
| Format: | Manuscript Book |
|---|---|
| Language: | German Czech |
| PhysicalDescription: | 35 nečíslovaných strán rukopis, viazaný 30 cm |
| Published: |
[Miesto vzniku nie je známe]
1851-1852
|
| Subjects: |
MARC
| LEADER | 00000ntmaa2200000 a 4500 | ||
|---|---|---|---|
| 001 | vtls011773085 | ||
| 003 | SK-MaSNL | ||
| 005 | 20260302091353.0 | ||
| 008 | 230802i1851 xx || 000n1 ger | ||
| 035 | |a urn:nbn:sk:snk-tm00eknf | ||
| 035 | |a urn:nbn:sk:snk-tm3n3i5 | ||
| 035 | |a 62CCBEFE-A817-4B73-91FC-D397E480157A | ||
| 040 | |a SNKLA |b slo |c SNKLA |e AACR2 | ||
| 041 | 0 | |a ger |a cze | |
| 044 | |a xx | ||
| 072 | 7 | |a 2 |x Náboženstvo |2 konspekt | |
| 080 | |a 025.171 |2 2011 | ||
| 080 | |a 2-9 |2 2011 | ||
| 245 | 0 | 0 | |a Doctrina religionis IV |
| 260 | |a [Miesto vzniku nie je známe] |c 1851-1852 | ||
| 300 | |a 35 nečíslovaných strán |b rukopis, viazaný |c 30 cm | ||
| 500 | |a Štvrtý zo štyroch zošitov | ||
| 500 | |a Obsahuje paragrafy 163-220 | ||
| 500 | |a Titul na prednom kartóne a začiatku textu | ||
| 520 | 2 | |a Náboženská náuka - dejiny kresťanskej cirkvi rokov 1053-1517 a od roku 1517 po napísanie tejto práce | |
| 546 | |a Nemecký a český text v dvojstĺpcoch na stranách | ||
| 555 | 0 | |a Inventár rukopisov Archívu literatúry a umenia Slovenskej národnej knižnice. Rukopisy Muzeálnej slovenskej spoločnosti : Slovenská národná knižnica 2008 | |
| 561 | |a Okrúhla pečiatka: Museálna slovenská spoločnosť | ||
| 561 | |a Okrúhla pečiatka: Slovenská národná knižnica Martin Archív literatúry a umenia 1 | ||
| 610 | 2 | 7 | |a Evanjelická cirkev a.v. |2 SNKKA |9 32425 |
| 650 | 0 | 7 | |a cirkevné dejiny |2 SNKPH |9 3909 |
| 655 | 7 | |a rukopisy |2 SNKPH |9 70548 | |
| 852 | |a Slovenská národná knižnica |b Literárny archív | ||
| 852 | |a Slovenská národná knižnica |b Literárny archív | ||
| 958 | |a MS | ||
| 958 | |a LAVD | ||
| 999 | |c 1200331 |d 1202261 | ||
| 952 | |a SNKLA |b SNKLA |c SNKLA_DEP |y NEVYP |7 0 |p 17A1228308 |o snkMSS 652 d |0 0 |1 0 |4 0 |d 2018-08-17 |f 1 |l 0 |r 2026-02-24 22:40:11 |w 2026-02-24 | ||


